Elemente der Völkerpsychologie : Grundlinien einer psychologischen Entwicklungsgeschichte der Menschheit /

Uložené v:
Podrobná bibliografia
Hlavný autor: Wundt, Wilhelm (Author)
Médium: Kniha
Jazyk:German
Vydané: Leipzig : Alfred Kröner Verlag, 1912.
Vydanie:2., unveränderte Aufl.
ISBN: (viaz.)
Fyzický popis: xii, 523 s.
Tagy: Pridať tag
Žiadne tagy, Buďte prvý kto otaguje tento záznam!

MARC

LEADER 00000nam a22000007a 4500
001 000489607
005 20150826202426.0
008 050719s1912 gw r ger d
020 |a (viaz.) 
040 |a SVKKK  |b slo  |c SVKKK  |e AACR2 
041 0 |a ger 
044 |a gw  |c DE 
100 1 |a Wundt, Wilhelm  |4 aut 
245 1 0 |a Elemente der Völkerpsychologie :  |b Grundlinien einer psychologischen Entwicklungsgeschichte der Menschheit /  |c von Wilhelm Wundt. 
250 |a 2., unveränderte Aufl. 
260 |a Leipzig :  |b Alfred Kröner Verlag,  |c 1912. 
300 |a xii, 523 s. 
504 |a Register 
910 |a svkkk 
998 |a BK 
090 |g SCKHL  |k Sklad Pribinova 1. posch.  |a IV.63354  |j 417296  |i 2720456578  |s Prezenčne